Encyclopaedia of educational philosophy, Vol. : 1-5 / (Record no. 1089)
[ view plain ]
| 000 -LEADER | |
|---|---|
| fixed length control field | 00584nam a2200193 a 4500 |
| 003 - CONTROL NUMBER IDENTIFIER | |
| control field | BD-DhJNU |
| 005 - DATE AND TIME OF LATEST TRANSACTION | |
| control field | 20250114083554.0 |
| 008 - FIXED-LENGTH DATA ELEMENTS--GENERAL INFORMATION | |
| fixed length control field | 250114s2008 bg a rb f100 0 eng |
| 020 ## - INTERNATIONAL STANDARD BOOK NUMBER | |
| International Standard Book Number | 9788183421324 |
| 040 ## - CATALOGING SOURCE | |
| Original cataloging agency | BD-DhJNU |
| Language of cataloging | ENG |
| Transcribing agency | BD-DhJNU |
| Modifying agency | BD-DhJNU |
| 082 00 - DEWEY DECIMAL CLASSIFICATION NUMBER | |
| Classification number | 371.1 JOE |
| Edition number | 23 |
| 100 1# - MAIN ENTRY--PERSONAL NAME | |
| Personal name | Jogi, Premchand |
| 245 10 - TITLE STATEMENT | |
| Title | Encyclopaedia of educational philosophy, Vol. : 1-5 / |
| Statement of responsibility, etc. | Premchand Jogi |
| 260 ## - PUBLICATION, DISTRIBUTION, ETC. | |
| Place of publication, distribution, etc. | New Delhi : |
| Name of publisher, distributor, etc. | Crescent Publishing Corporation, |
| Date of publication, distribution, etc. | 2008. |
| 300 ## - PHYSICAL DESCRIPTION | |
| Extent | v, 256 p. ; |
| Dimensions | 22 cm. |
| 490 ## - SERIES STATEMENT | |
| Volume/sequential designation | Vol. : 1-5 |
| 650 #0 - SUBJECT ADDED ENTRY--TOPICAL TERM | |
| Topical term or geographic name entry element | Education Philosophy |
| 650 #0 - SUBJECT ADDED ENTRY--TOPICAL TERM | |
| Topical term or geographic name entry element | Encyclopedias |
| Withdrawn status | Lost status | Source of classification or shelving scheme | Damaged status | Not for loan | Collection | Home library | Current library | Shelving location | Date acquired | Source of acquisition | Total checkouts | Full call number | Barcode | Date last seen | Copy number | Price effective from | Koha item type |
|---|---|---|---|---|---|---|---|---|---|---|---|---|---|---|---|---|---|
| Dewey Decimal Classification | Reference | Jagannath University Central Library | Jagannath University Central Library | Reference | 01/14/2025 | Donation | 371.1 JOE | JNUCL20668R | 01/14/2025 | 1 | 01/14/2025 | Reference | |||||
| Dewey Decimal Classification | Reference | Jagannath University Central Library | Jagannath University Central Library | Reference | 01/14/2025 | Donation | 371.1 JOE | JNUCL20669R | 01/14/2025 | 2 | 01/14/2025 | Reference | |||||
| Dewey Decimal Classification | Reference | Jagannath University Central Library | Jagannath University Central Library | Reference | 01/14/2025 | Donation | 371.1 JOE | JNUCL20670R | 01/14/2025 | 3 | 01/14/2025 | Reference | |||||
| Dewey Decimal Classification | Reference | Jagannath University Central Library | Jagannath University Central Library | Reference | 01/14/2025 | Donation | 371.1 JOE | JNUCL20671R | 01/14/2025 | 4 | 01/14/2025 | Reference | |||||
| Dewey Decimal Classification | Reference | Jagannath University Central Library | Jagannath University Central Library | Reference | 01/14/2025 | Donation | 371.1 JOE | JNUCL20672R | 01/14/2025 | 5 | 01/14/2025 | Reference |